000 00541nam a2200157 a 4500
008 120416s0000 ||||||||||||||||| || u
020 _a0821331531
050 _aIBRD(08)
100 _aMunasinghe, Mohan
245 1 0 _aEconomy wide policies and the environment
246 _alessons from experience
260 _aWashington, D. C.
_bWorld Bank
_c1995
300 _aix, 86p. : ill.
350 _a0.00
995 _D0.00
_FCBU-MAIN LIBRARY (Kitwe)
_H1
_I0.00
_UAVAILABLE
_ZInternational Publications
999 _c41094
_d41094